000 00587nam a22002297a 4500
003 UA-OsUOA
001 118858
007 ta
008 20160923b un ||||| |||| 00| 0 ukr d
100 _aРадченко А. Д.
090 _a726.6(477-25)
_bР15
942 _cBK
040 _aUA-OsUOA
_brus
_cUA-OsUOA
_dUA-OsUOA
245 _aСофийский музей
_bпутеводитель
300 _a70 с.
955 _a1
041 _arus
080 _a726.6(477-25)
260 _aК.
_bИАА УССР
_c1954
650 7 _a72 Архітектура
_2UDC
999 _c404974
_d404974